00810 2200265 4500001002100000005001500021035002500036090001600061245007400077260004500151300003700196008004100233040001700274082001200291084001400303100002800317650001200345700002600357700002800383850001200411041000800423500003400431505006800465990001100533YOGYA00000000004594720190515122731 a0010-081400000045665 aL 599 CAR m1 aMammals of the pacific world /cT.D. Carter - J.E. Hill - G.H.H. Tate3 aNew York :bThe Macmillan Company,c1946 axvi, 227 hlm. :bilus. ;c21 cm.130902s1946 xx a g e 01 0 eng d aYOPDYOGbind04223a599 a599 CAR m1 aCarter, T.D.epengarang 4aMamalia1 aHill, J.E.gPengarang1 aTate, G.H.H.gPengarang aYOPDYOG0 aeng aTerdapat indeks dan glosarium aBuku berisi ensiklopedia tentang hewan mamalia di Dunia Pasifik a8515-A